| 000 | 00451cam a2200169ua 4500 | ||
|---|---|---|---|
| 020 | _c4.00 | ||
| 041 |
_amal _h |
||
| 082 |
_a894.812308 _bBAN/AR |
||
| 100 | _aBandyopadhaya, Bibuthibhushan . | ||
| 245 |
_aAranyak / _cBibuthibhushan Bandyopadhaya. _hTextual Documents |
||
| 260 |
_aKottayam : _bSahitya Pravarthaka Co-operative Society , _c1958. |
||
| 300 | _a365 ; . | ||
| 365 | _a4.00 | ||
| 504 | _a | ||
| 942 | _cBK | ||
| 999 |
_c3635 _d3635 |
||